[Event "Arco op 40th"]
[Site "Arco"]
[Date "2018.10.15"]
[Round "3"]
[White "Mattersberger, Melanie"]
[Black "Mulone, Gaspare"]
[Result "1-0"]
[WhiteElo "1674"]
[BlackElo "1415"]
[PlyCount "41"]
[EventDate "2018.10.13"]
[EventType "swiss"]
[EventRounds "9"]
[EventCountry "ITA"]
[SourceTitle "CBM 186 Extra"]
[Source "ChessBase"]
[SourceDate "2018.08.24"]
[SourceVersion "1"]
[SourceVersionDate "2018.08.24"]
[SourceQuality "1"]

1. e4 d6 2. d4 e6 3. Nf3 Be7 4. Nc3 Nf6 5. h3 0-0 6. Bd3 b6 7. e5 Nfd7 8. Be4 d5 9. Bd3 Ba6 10. Ne2 c5 11. c3 Bxd3 12. Qxd3 c4 13. Qc2 b5 14. h4 b4 15. Ng5 g6 16. Nf3 bxc3 17. bxc3 Nc6 18. Qd2 Rb8 19. Qh6 Rb6 20. Ng5 Bxg5 21. hxg5 1-0

[Event "Arco op-A 39th"]
[Site "Arco"]
[Date "2017.10.14"]
[Round "8"]
[White "Cremonini, Stefano"]
[Black "Mulone, Gaspare"]
[Result "1-0"]
[WhiteElo "1595"]
[BlackElo "1481"]
[PlyCount "77"]
[EventDate "2017.10.07"]
[EventType "swiss"]
[EventRounds "9"]
[EventCountry "ITA"]
[SourceTitle "CBM 181 Extra"]
[Source "ChessBase"]
[SourceDate "2017.12.12"]
[SourceVersion "1"]
[SourceVersionDate "2017.12.12"]
[SourceQuality "1"]

1. d4 e6 2. Bf4 d6 3. Nf3 Be7 4. e3 Nf6 5. h3 0-0 6. Nbd2 d5 7. Bd3 Nbd7 8. Ne5 Nxe5 9. dxe5 Nd7 10. Qg4 g6 11. h4 h5 12. Qg3 Kg7 13. 0-0-0 Nc5 14. Be2 a5 15. Bxh5 Rh8 16. Be2 Bxh4 17. Qf3 b6 18. g3 Bg5 19. Rxh8 Kxh8 20. Rh1+ Kg7 21. g4 Bb7 22. Qh3 Bxf4 23. Qh7+ Kf8 24. Qh8+ Ke7 25. Qf6+ Kd7 26. Qxf7+ Qe7 27. Qxg6 Rf8 28. exf4 Rf7 29. g5 Ne4 30. Nxe4 dxe4 31. Rh6 Bd5 32. b3 Kc6 33. c4 Rxf4 34. cxd5+ Kc5 35. Rh7 Qf8 36. Rxc7+ Kd4 37. Qxe6 Rxf2 38. Rc4+ Ke3 39. Qxb6+ 1-0

[Event "Arco op 36th"]
[Site "Arco"]
[Date "2014.10.08"]
[Round "5"]
[White "Mulone, Gaspare"]
[Black "Ludwig, Timm"]
[Result "0-1"]
[WhiteElo "1554"]
[BlackElo "1649"]
[PlyCount "72"]
[EventDate "2014.10.04"]
[EventType "swiss"]
[EventRounds "9"]
[EventCountry "ITA"]
[SourceTitle "EXT 2016"]
[Source "ChessBase"]
[SourceDate "2015.10.08"]
[SourceVersion "1"]
[SourceVersionDate "2015.10.08"]
[SourceQuality "1"]

1. e4 c5 2. Nf3 Nc6 3. d4 cxd4 4. Nxd4 d6 5. Nc3 a6 6. Bc4 Nf6 7. 0-0 g6 8. Nxc6 bxc6 9. e5 Nd5 10. Nxd5 cxd5 11. Bxd5 Rb8 12. Re1 e6 13. Bc6+ Bd7 14. Bxd7+ Qxd7 15. exd6 Bxd6 16. b3 0-0 17. Bb2 Rfd8 18. Bf6 Rdc8 19. Qd3 Qc7 20. c4 Bxh2+ 21. Kh1 Bd6 22. Qh3 Bf8 23. Be5 Bd6 24. Bxd6 Qxd6 25. Red1 Qe5 26. Rab1 Rc5 27. Qf3 Qc7 28. Qd3 Rh5+ 29. Kg1 Qh2+ 30. Kf1 Qh1+ 31. Ke2 Qxg2 32. Rf1 Re5+ 33. Kd2 Qg5+ 34. Kc3 Rd8 35. Qc2 Qf4 36. Kb2 Rd2 0-1

[Event "Basso Veronese op 7th"]
[Site "Casaleone"]
[Date "2014.05.18"]
[Round "4"]
[White "Mulone, Gaspare"]
[Black "Bonini, Roberto"]
[Result "0-1"]
[WhiteElo "1548"]
[BlackElo "1859"]
[PlyCount "88"]
[EventDate "2014.05.16"]
[EventType "swiss"]
[EventRounds "5"]
[EventCountry "ITA"]
[SourceTitle "EXT 2015"]
[Source "ChessBase"]
[SourceDate "2014.11.20"]
[SourceVersion "1"]
[SourceVersionDate "2014.11.20"]
[SourceQuality "1"]

1. e4 c5 2. Nf3 d6 3. d4 cxd4 4. Nxd4 Nf6 5. Nc3 a6 6. f3 e6 7. Be3 Be7 8. Qd2 Qc7 9. Qf2 b5 10. a3 Bb7 11. Nb3 Nbd7 12. Be2 d5 13. exd5 Nxd5 14. Nxd5 Bxd5 15. Bd3 Rc8 16. Qg3 Qxg3+ 17. hxg3 Bf6 18. Rb1 Ne5 19. Nd4 Ba2 20. Rc1 Bc4 21. Ke2 Kd7 22. b3 Bxd3+ 23. cxd3 h6 24. Rxc8 Rxc8 25. Kd2 Nc6 26. Nxc6 Rxc6 27. Rc1 Bb2 28. Rxc6 Kxc6 29. a4 bxa4 30. bxa4 Kd5 31. Kc2 Be5 32. f4 Bd4 33. Kd2 h5 34. Bxd4 Kxd4 35. Kc2 Ke3 36. Kc3 Kf2 37. Kb4 Kxg2 38. Ka5 Kxg3 39. Kxa6 h4 40. Kb7 h3 41. a5 h2 42. a6 h1Q+ 43. Kb8 Qc6 44. a7 Qb6+ 0-1

[Event "Basso Veronese op 7th"]
[Site "Casaleone"]
[Date "2014.05.17"]
[Round "3"]
[White "Binder, Andrea"]
[Black "Mulone, Gaspare"]
[Result "0-1"]
[WhiteElo "1862"]
[BlackElo "1548"]
[PlyCount "93"]
[EventDate "2014.05.16"]
[EventType "swiss"]
[EventRounds "5"]
[EventCountry "ITA"]
[SourceTitle "EXT 2015"]
[Source "ChessBase"]
[SourceDate "2014.11.20"]
[SourceVersion "1"]
[SourceVersionDate "2014.11.20"]
[SourceQuality "1"]

1. e4 g6 2. d4 d6 3. Nc3 Bg7 4. Be3 Nf6 5. f3 0-0 6. Qd2 Nc6 7. g4 Bd7 8. h4 b6 9. 0-0-0 a6 10. h5 b5 11. hxg6 fxg6 12. Nh3 b4 13. Bc4+ e6 14. Ne2 a5 15. Nhf4 Qe7 16. g5 Ne8 17. Rdf1 Nd8 18. Nd3 c6 19. f4 d5 20. exd5 exd5 21. Bb3 a4 22. Nxb4 axb3 23. cxb3 Nd6 24. Ng3 Nf5 25. Bf2 Nxg3 26. Bxg3 Bf5 27. Re1 Qd6 28. a3 Qd7 29. Bf2 Rf7 30. Rh4 Bf8 31. Nd3 Bd6 32. Ne5 Bxe5 33. dxe5 Ne6 34. Rd1 Qb7 35. b4 Qb5 36. Bd4 Qc4+ 37. Qc3 Nxd4 38. Qxc4 dxc4 39. Rxd4 c3 40. Rh2 c2 41. Rhd2 Rff8 42. Rd6 Rac8 43. b3 Kf7 44. Rh2 Rh8 45. a4 Kg7 46. Rdd2 Rhd8 47. a5 0-1

[Event "Basso Veronese op 6th"]
[Site "Casaleone"]
[Date "2013.05.19"]
[Round "4"]
[White "Mulone, Gaspare"]
[Black "Jirillo, Antonio"]
[Result "1-0"]
[WhiteElo "1566"]
[BlackElo "1643"]
[PlyCount "120"]
[EventDate "2013.05.17"]
[EventType "swiss"]
[EventRounds "5"]
[EventCountry "ITA"]
[SourceTitle "EXT 2014"]
[Source "ChessBase"]
[SourceDate "2013.11.20"]
[SourceVersion "1"]
[SourceVersionDate "2013.11.20"]
[SourceQuality "1"]

1. e4 d5 2. exd5 Qxd5 3. Nc3 Qd6 4. d4 Nf6 5. Be2 c6 6. Be3 Nbd7 7. Nf3 g6 8. Qd2 Nb6 9. Bf4 Qb4 10. 0-0-0 Na4 11. Nxa4 Qxa4 12. Kb1 Ne4 13. Qe3 Bf5 14. g4 Nxf2 15. gxf5 Nxh1 16. fxg6 hxg6 17. Rxh1 e6 18. Be5 Rh3 19. Qf4 Bh6 20. Ng5 f5 21. Bf6 Bxg5 22. Bxg5 Qb4 23. c3 Rxc3 24. Qe5 Kd7 25. Qg7+ Kc8 26. Qg8+ Kd7 27. Qf7+ Kc8 28. Qxe6+ Kc7 29. Bd2 Rc1+ 30. Bxc1 Qxd4 31. Rd1 Qe4+ 32. Qxe4 fxe4 33. Bf4+ Kb6 34. Rd7 Re8 35. Kc2 Rh8 36. Rg7 Rh4 37. Bg3 Rh6 38. Bc4 Kc5 39. Bf7 Kd4 40. Rxg6 Rh7 41. Rd6+ Ke3 42. Bc4 b5 43. Be6 c5 44. Rd5 Re7 45. Re5 Kd4 46. Kd2 e3+ 47. Ke2 c4 48. Rd5+ Ke4 49. Rd6 a5 50. Bd7 b4 51. Re6+ Rxe6 52. Bxe6 c3 53. bxc3 bxc3 54. Bb3 Kd4 55. h4 a4 56. Bxa4 Kd5 57. Bb3+ Kc5 58. Kxe3 Kb4 59. h5 Ka3 60. Kd3 Kb2 1-0

[Event "Basso Veronese op 6th"]
[Site "Casaleone"]
[Date "2013.05.17"]
[Round "1"]
[White "Mulone, Gaspare"]
[Black "Fiscato, Claudio"]
[Result "0-1"]
[WhiteElo "1566"]
[BlackElo "1793"]
[PlyCount "71"]
[EventDate "2013.05.17"]
[EventType "swiss"]
[EventRounds "5"]
[EventCountry "ITA"]
[SourceTitle "EXT 2014"]
[Source "ChessBase"]
[SourceDate "2013.11.20"]
[SourceVersion "1"]
[SourceVersionDate "2013.11.20"]
[SourceQuality "1"]

1. e4 c5 2. Nf3 e6 3. c4 a6 4. Nc3 Qc7 5. d3 Nc6 6. Be3 d6 7. Be2 Nf6 8. h3 Be7 9. 0-0 0-0 10. Qc2 Bd7 11. Rfd1 Rac8 12. Rd2 h6 13. Rad1 Rfd8 14. a3 Be8 15. d4 cxd4 16. Nxd4 Nxd4 17. Bxd4 Nd7 18. Qb3 Nc5 19. Bxc5 dxc5 20. Rxd8 Rxd8 21. Rxd8 Bxd8 22. Qc2 Bc6 23. Qd3 Bf6 24. Nd1 Qf4 25. Bf3 Bd4 26. b3 g5 27. Ne3 Bxe3 28. Qxe3 Qxe3 29. fxe3 Kg7 30. Kf2 Kf6 31. Ke2 Ke5 32. Kd3 a5 33. a4 b6 34. g4 f6 35. Bg2 f5 36. Bf3 0-1

[Event "Arco op 34th"]
[Site "Arco"]
[Date "2012.10.17"]
[Round "5"]
[White "Mulone, Gaspare"]
[Black "Catalfamo, Santo"]
[Result "0-1"]
[WhiteElo "1590"]
[BlackElo "1762"]
[PlyCount "82"]
[EventDate "2012.10.13"]
[EventType "swiss"]
[EventRounds "9"]
[EventCountry "ITA"]
[SourceTitle "EXT 2013"]
[Source "ChessBase"]
[SourceDate "2012.11.22"]
[SourceVersion "1"]
[SourceVersionDate "2012.11.22"]
[SourceQuality "1"]

1. e4 e6 2. d4 d5 3. e5 Nd7 4. Nf3 c5 5. c3 Ne7 6. Bd3 Ng6 7. 0-0 Be7 8. Be3 c4 9. Bc2 f5 10. exf6 Nxf6 11. Bxg6+ hxg6 12. Ne5 Qc7 13. f4 Bd7 14. Nxg6 Rh6 15. Nxe7 Kxe7 16. Nd2 Rah8 17. Nf3 Ng4 18. Re1 Nxe3 19. Rxe3 Qxf4 20. Qe1 g5 21. g3 Qf5 22. Qe2 Rf6 23. Rf1 g4 24. Nh4 Qxf1+ 25. Qxf1 Rxf1+ 26. Kxf1 Kf6 27. Re5 Ba4 28. Kg1 Bc2 29. Ng2 Bb1 30. a3 a5 31. Ne3 Rg8 32. Kg2 Be4+ 33. Kg1 b5 34. Ng2 b4 35. Nh4 bxa3 36. bxa3 Rb8 37. Rh5 Rb3 38. Rh6+ Kf7 39. Rh8 Rxc3 40. Ra8 Rxa3 41. Ra7+ Kf6 0-1

[Event "Arco op 34th"]
[Site "Arco"]
[Date "2012.10.16"]
[Round "4"]
[White "Burani, Eugenio"]
[Black "Mulone, Gaspare"]
[Result "1-0"]
[WhiteElo "1863"]
[BlackElo "1590"]
[PlyCount "57"]
[EventDate "2012.10.13"]
[EventType "swiss"]
[EventRounds "9"]
[EventCountry "ITA"]
[SourceTitle "EXT 2013"]
[Source "ChessBase"]
[SourceDate "2012.11.22"]
[SourceVersion "1"]
[SourceVersionDate "2012.11.22"]
[SourceQuality "1"]

1. e4 e5 2. Nf3 d6 3. d4 exd4 4. Nxd4 Nf6 5. Nc3 Be7 6. Be2 0-0 7. 0-0 a6 8. f4 b5 9. Bf3 Bb7 10. e5 Bxf3 11. Qxf3 dxe5 12. Qxa8 Qxd4+ 13. Kh1 c6 14. h3 Qb6 15. a4 Nbd7 16. a5 Qc7 17. Qxa6 Nc5 18. Qb6 Qc8 19. a6 Nfd7 20. Qa5 Bd8 21. Qa2 Nb6 22. Be3 Nca4 23. Nxa4 Nxa4 24. fxe5 Bb6 25. Bxb6 Nxb6 26. e6 Qxe6 27. Qxe6 fxe6 28. Rxf8+ Kxf8 29. a7 1-0

[Event "Arco op 33rd"]
[Site "Arco"]
[Date "2011.10.30"]
[Round "9"]
[White "Catalfamo, Santo"]
[Black "Mulone, Gaspare"]
[Result "1-0"]
[WhiteElo "1915"]
[BlackElo "1628"]
[PlyCount "41"]
[EventDate "2011.10.22"]
[EventType "swiss"]
[EventRounds "9"]
[EventCountry "ITA"]
[SourceTitle "EXT 2012"]
[Source "ChessBase"]
[SourceDate "2011.11.24"]
[SourceVersion "1"]
[SourceVersionDate "2011.11.24"]
[SourceQuality "1"]

1. e4 d6 2. d4 e5 3. dxe5 dxe5 4. Qxd8+ Kxd8 5. Bc4 f6 6. Ne2 Bc5 7. Nbc3 a6 8. Bd2 Ne7 9. 0-0-0 Nec6 10. Be3+ Bd6 11. Bc5 Ke7 12. Bxd6+ cxd6 13. Nd5+ Kf8 14. Nb6 Na5 15. Rxd6 Nxc4 16. Nxc4 Nc6 17. Nb6 Rb8 18. Rhd1 Ke7 19. Nxc8+ Rhxc8 20. Rd7+ Ke6 21. R1d6# 1-0

[Event "Arco op 33rd"]
[Site "Arco"]
[Date "2011.10.29"]
[Round "8"]
[White "Kern, Beat"]
[Black "Mulone, Gaspare"]
[Result "1-0"]
[WhiteElo "1691"]
[BlackElo "1628"]
[PlyCount "45"]
[EventDate "2011.10.22"]
[EventType "swiss"]
[EventRounds "9"]
[EventCountry "ITA"]
[SourceTitle "EXT 2012"]
[Source "ChessBase"]
[SourceDate "2011.11.24"]
[SourceVersion "1"]
[SourceVersionDate "2011.11.24"]
[SourceQuality "1"]

1. Nf3 Nf6 2. d4 d5 3. c4 e6 4. e3 Be7 5. Nc3 Nbd7 6. Bd3 c5 7. 0-0 cxd4 8. exd4 dxc4 9. Bxc4 Nb6 10. Bb3 Nbd5 11. Bg5 Nxc3 12. bxc3 0-0 13. Qd3 b6 14. Bc2 g6 15. Ne5 Nd7 16. Nc6 Nc5 17. Nxe7+ Kg7 18. dxc5 Qxd3 19. Bxd3 f6 20. Nxc8 Raxc8 21. Be3 bxc5 22. Bc4 e5 23. Rfd1 1-0

[Event "Arco op 33rd"]
[Site "Arco"]
[Date "2011.10.25"]
[Round "4"]
[White "Alagia, Pietro"]
[Black "Mulone, Gaspare"]
[Result "0-1"]
[WhiteElo "1763"]
[BlackElo "1628"]
[PlyCount "90"]
[EventDate "2011.10.22"]
[EventType "swiss"]
[EventRounds "9"]
[EventCountry "ITA"]
[SourceTitle "EXT 2012"]
[Source "ChessBase"]
[SourceDate "2011.11.24"]
[SourceVersion "1"]
[SourceVersionDate "2011.11.24"]
[SourceQuality "1"]

1. d4 Nf6 2. c4 g6 3. Nc3 Bg7 4. Nf3 d5 5. Bf4 c6 6. Qa4 a6 7. c5 0-0 8. g3 b5 9. cxb6 Qxb6 10. Qa3 Re8 11. Bg2 Nbd7 12. 0-0 a5 13. Ne5 Nxe5 14. dxe5 Nd7 15. Na4 Qb4 16. Rab1 Bxe5 17. Bxe5 Qxa3 18. bxa3 Nxe5 19. Nb6 Rb8 20. f4 Nd7 21. Nxc8 Rexc8 22. e4 e6 23. f5 Rxb1 24. Rxb1 Rb8 25. Rc1 Rb6 26. fxe6 fxe6 27. Bh3 Kf7 28. exd5 cxd5 29. Rc2 Ke7 30. Kf2 Kd6 31. Kf3 e5 32. Kg4 h6 33. Bg2 Nf6+ 34. Kf3 d4 35. Bf1 Rc6 36. Rb2 e4+ 37. Kf4 d3 38. Bg2 Rc2 39. Rb6+ Kc5 40. Rxf6 Rxg2 41. Kxe4 d2 42. Rf1 Kc4 43. Rd1 Kc3 44. Kd5 Kc2 45. Ra1 d1Q+ 0-1

[Event "Basso Veronese op 4th"]
[Site "Casaleone"]
[Date "2011.06.05"]
[Round "5"]
[White "Mulone, Gaspare"]
[Black "Bellini, Luca"]
[Result "0-1"]
[WhiteElo "1666"]
[BlackElo "1705"]
[PlyCount "78"]
[EventDate "2011.05.28"]
[EventType "swiss"]
[EventRounds "6"]
[EventCountry "ITA"]
[SourceTitle "EXT 2023"]
[Source "ChessBase"]
[SourceDate "2022.10.05"]
[SourceVersion "1"]
[SourceVersionDate "2022.10.05"]
[SourceQuality "1"]

1. e4 c5 2. Nf3 Nc6 3. c3 d6 4. h3 Nf6 5. Bd3 g6 6. Bc2 Bg7 7. d3 0-0 8. Be3 b5 9. 0-0 b4 10. c4 Nd7 11. Bc1 Nd4 12. Nxd4 Bxd4 13. Nd2 Ne5 14. Nb3 Nc6 15. Nxd4 Nxd4 16. Ba4 e5 17. Bh6 f5 18. Bxf8 Qxf8 19. exf5 Bxf5 20. Qd2 Bxh3 21. f4 Qh6 22. Qf2 Bg4 23. fxe5 Ne2+ 24. Qxe2 Bxe2 25. Rf2 Bxd3 26. exd6 Rd8 27. d7 Qe3 28. Rd1 Bxc4 29. b3 Be6 30. Kf1 Bg4 31. Re1 Qd3+ 32. Kg1 Bxd7 33. Bxd7 Rxd7 34. Re8+ Kg7 35. Rfe2 Qd4+ 36. Kf1 Rf7+ 37. Ke1 Qc3+ 38. Rd2 Qc1+ 39. Ke2 Qf1+ 0-1

[Event "Basso Veronese op 4th"]
[Site "Casaleone"]
[Date "2011.06.04"]
[Round "4"]
[White "Jirillo, Antonio"]
[Black "Mulone, Gaspare"]
[Result "1-0"]
[WhiteElo "1541"]
[BlackElo "1666"]
[PlyCount "89"]
[EventDate "2011.05.28"]
[EventType "swiss"]
[EventRounds "6"]
[EventCountry "ITA"]
[SourceTitle "EXT 2023"]
[Source "ChessBase"]
[SourceDate "2022.10.05"]
[SourceVersion "1"]
[SourceVersionDate "2022.10.05"]
[SourceQuality "1"]

1. d4 Nf6 2. Bf4 d5 3. Nf3 Nbd7 4. e3 a6 5. Nbd2 c5 6. c3 c4 7. h3 e6 8. Be2 Be7 9. Qc2 0-0 10. g4 Ne8 11. h4 Bd6 12. Ng5 g6 13. h5 Bxf4 14. exf4 Qf6 15. hxg6 Qxg6 16. Qxg6+ fxg6 17. Rxh7 Rxf4 18. Nxe6 Rxg4 19. Bxg4 Kxh7 20. Nf8+ Kg7 21. Nxd7 Bxd7 22. Bxd7 Nf6 23. Bh3 Rh8 24. Bf1 Rh2 25. Nf3 Rh1 26. 0-0-0 Ne4 27. Bg2 Rxd1+ 28. Kxd1 Nxf2+ 29. Kc2 Kf6 30. Ne5 Ne4 31. Bxe4 dxe4 32. Nxc4 Kf5 33. Ne3+ Kf4 34. Kd2 g5 35. Ke2 g4 36. d5 Ke5 37. Nxg4+ Kxd5 38. Ke3 Kc5 39. Kxe4 Kc4 40. Ne3+ Kc5 41. b4+ Kd6 42. Kd4 Kc6 43. a3 a5 44. c4 axb4 45. axb4 1-0

[Event "Arco op 32nd"]
[Site "Arco"]
[Date "2010.10.16"]
[Round "1"]
[White "Niccoli, Paolo"]
[Black "Mulone, Gaspare"]
[Result "1-0"]
[WhiteElo "1962"]
[BlackElo "1708"]
[PlyCount "119"]
[EventDate "2010.10.16"]
[EventType "swiss"]
[EventRounds "9"]
[EventCountry "ITA"]
[SourceTitle "EXT 2024"]
[Source "ChessBase"]
[SourceDate "2023.10.10"]
[SourceVersion "1"]
[SourceVersionDate "2023.10.10"]
[SourceQuality "1"]

1. e4 d6 2. d4 g6 3. Nc3 Bg7 4. Be3 Nf6 5. f3 a6 6. Qd2 0-0 7. 0-0-0 Nbd7 8. g4 b5 9. h4 h5 10. gxh5 Nxh5 11. Bh6 e5 12. Bxg7 Kxg7 13. d5 Rh8 14. Nge2 Qf6 15. Qe3 Nf4 16. Qf2 Bb7 17. Bh3 Nb6 18. Bg4 Rag8 19. Nxf4 exf4 20. h5 gxh5 21. Rxh5 Rxh5 22. Bxh5 Kf8 23. Rg1 Rxg1+ 24. Qxg1 Qh4 25. Bg4 Qg3 26. Qxg3 fxg3 27. Ne2 c6 28. dxc6 Bxc6 29. Nxg3 d5 30. b3 dxe4 31. fxe4 f6 32. Kd2 Ke7 33. Nf5+ Ke6 34. Nd4+ Kd6 35. Ke3 Bd7 36. Bxd7 Nxd7 37. Nf3 Kc5 38. a3 a5 39. Kf4 a4 40. Kf5 Kd6 41. Nd4 axb3 42. cxb3 Kc5 43. Ne6+ Kd6 44. b4 Ne5 45. Nd4 Ke7 46. Nxb5 Nd3 47. Nd4 Nb2 48. b5 Na4 49. Nc6+ Kd6 50. Kxf6 Kc5 51. e5 Nb6 52. Na7 Nd5+ 53. Ke6 Nc7+ 54. Kd7 Kb6 55. Nc8+ Kb7 56. a4 Nd5 57. Nd6+ Kb6 58. Nc4+ Kc5 59. b6 Kxc4 60. b7 1-0

[Event "Arco op 31st"]
[Site "Arco"]
[Date "2009.10.23"]
[Round "7"]
[White "Pedrotti, Luciano"]
[Black "Mulone, Gaspare"]
[Result "1-0"]
[WhiteElo "1829"]
[BlackElo "1394"]
[PlyCount "54"]
[EventDate "2009.10.17"]
[EventType "swiss"]
[EventRounds "9"]
[EventCountry "ITA"]
[SourceTitle "EXT 2010"]
[Source "ChessBase"]
[SourceDate "2010.11.25"]
[SourceVersion "1"]
[SourceVersionDate "2010.11.25"]
[SourceQuality "1"]

1. e4 e6 2. d4 d6 3. Nf3 g6 4. Be2 Bg7 5. 0-0 Ne7 6. c3 0-0 7. Nbd2 Nd7 8. Nc4 d5 9. exd5 Nxd5 10. Ne3 Nxe3 11. Bxe3 b6 12. Qc1 Bb7 13. Ne1 Qe7 14. Bf3 Bxf3 15. Nxf3 c5 16. Bh6 cxd4 17. Bxg7 Kxg7 18. Nxd4 Rfc8 19. Qe3 Nf6 20. Qf3 Qc5 21. Rfe1 a6 22. Rxe6 Ra7 23. Qxf6+ Kg8 24. Rxb6 Rac7 25. Rd1 Qxc3 26. bxc3 Rxc3 27. Nc6 R3xc6 1-0

[Event "Arco op 31st"]
[Site "Arco"]
[Date "2009.10.17"]
[Round "1"]
[White "Bondielli, Giorgio"]
[Black "Mulone, Gaspare"]
[Result "1-0"]
[WhiteElo "1922"]
[BlackElo "1394"]
[PlyCount "67"]
[EventDate "2009.10.17"]
[EventType "swiss"]
[EventRounds "9"]
[EventCountry "ITA"]
[SourceTitle "EXT 2010"]
[Source "ChessBase"]
[SourceDate "2010.11.25"]
[SourceVersion "1"]
[SourceVersionDate "2010.11.25"]
[SourceQuality "1"]

1. e4 e6 2. d4 d6 3. Nf3 g6 4. Bd3 Bg7 5. c3 Nd7 6. 0-0 Bh6 7. Bxh6 Nxh6 8. Qd2 Ng8 9. Na3 Nb6 10. Nc2 Bd7 11. Rad1 Qe7 12. Rfe1 0-0-0 13. b3 Qf8 14. a4 Kb8 15. a5 Nc8 16. b4 Qe8 17. c4 Nge7 18. b5 c6 19. Qb4 cxb5 20. cxb5 d5 21. e5 Nf5 22. Nd2 Qe7 23. Qb2 h5 24. Nb3 h4 25. Nc5 Be8 26. b6 a6 27. Bxa6 bxa6 28. Nxa6+ Kb7 29. Nc5+ Kb8 30. a6 Bc6 31. Rb1 h3 32. g3 Na7 33. bxa7+ Kxa7 34. Qb6+ 1-0